| 000 | 00000nam 2200000zi 4500 |
| 001 | 9.867130 |
| 003 | CaOODSP |
| 005 | 20230818073946 |
| 006 | m o d f |
| 007 | cr cn||||||||| |
| 008 | 190115t20192019bccab obs f000 0 eng d |
| 020 | |a9780660293080 |
| 020 | |z9780660293097|q(softcover) |
| 040 | |aCaOODSP|beng|erda|cCaOODSP |
| 041 | 0 |aeng|beng|bfre |
| 043 | |an-cn-bc |
| 045 | |ax9y1 |
| 086 | 1 |aFo143-2/447E-PDF|zFo143-2/447E |
| 100 | 1 |aWong, Linda, |eauthor. |
| 245 | 10|aSecondary manufacturing of solid wood products in British Columbia 2016 : |bstructure, economic contribution and changes since 1990 / |cLinda Wong, Brad Stennes, and Bryan E.C. Bogdanski. |
| 264 | 1|aVictoria, British Columbia : |bNatural Resources Canada, Canadian Forest Service, Pacific Forestry Centre, |c2019. |
| 264 | 4|c©2019 |
| 300 | |a1 online resource (vi, 35 pages) : |bcolour illustrations, colour map. |
| 336 | |atext|btxt|2rdacontent |
| 337 | |acomputer|bc|2rdamedia |
| 338 | |aonline resource|bcr|2rdacarrier |
| 490 | 1 |aInformation report ; |vBC-X-447 |
| 500 | |a"Industry, Trade and Economics Group, Canadian Forest Service, Victoria, British Columbia." |
| 504 | |aIncludes bibliographical references (page 21). |
| 520 | 3 |a"The British Columbia forest industry continuously faces challenges from commodity market volatility, increased global competition, and declining timber supply. Such challenges were front and centre during the housing and financial crisis in the United States and subsequent great recession of 2007-2009. This report presents survey results for the province's secondary wood manufacturing industries in 2016. The survey gathered operational, employment, production, marketing, and financial information on business types, with supplemental information gathered for panelboard producers. Analysis of the survey results provides a comprehensive picture of the state of the sector’s industries and allows for comparison with past surveys conducted by the Canadian Forest Service, including the last one undertaken in 2012. The industry has grown since the last survey, but the relative economic contribution of the two largest subsectors, remanufacturing and engineered wood products, remained largely unchanged. The changes occurred among the smaller subsectors, with strong growth in shakes and shingles and other wood products offsetting the decline in millwork"--Abstract, page v. |
| 530 | |aIssued also in print format. |
| 546 | |aIncludes abstracts in English and French. |
| 650 | 0|aForest products industry|zBritish Columbia|vStatistics. |
| 650 | 6|aProduits forestiers|xIndustrie|zColombie-Britannique|vStatistiques. |
| 710 | 1 |aCanada. |bNatural Resources Canada. |
| 710 | 2 |aPacific Forestry Centre. |
| 776 | 0#|tSecondary manufacturing of solid wood products in British Columbia 2016 : |w(CaOODSP)9.867131 |
| 830 | #0|aInformation report (Pacific Forestry Centre)|vBC-X-447.|w(CaOODSP)9.504853 |
| 856 | 40|qPDF|s3.79 MB|uhttps://publications.gc.ca/collections/collection_2019/rncan-nrcan/Fo143-2-447-eng.pdf |
| 986 | |a39736 |